Idiomas oficiales de España - Estadísticas

Estadísticas generales
  • Esta prueba ha sido intentada 69 veces
    68 desde el último reinicio
  • La puntuación promedio es 14 de 14
Estadísticas de respuestas
Hint Respuesta % Correcto
Cataluña / Catalunya / Catalonha Catalán
100%
Islas Baleares / Illes Balears Catalán
100%
España / Espainia / Espanya / Espanha Español
100%
Euskadi / Pais Vasco Español
100%
Galicia Español
100%
Cataluña / Catalunya / Catalonha Español
100%
Comunidad Valenciana / Comunitat Valenciana Español
100%
Islas Baleares / Illes Balears Español
100%
Comunidad Foral de Navarra / Nafarroako Foru Erkidegoa Español
100%
Euskadi / Pais Vasco Euskera
100%
Zona vascófona de Navarra / Nafarroako eremu euskaldunean Euskera
100%
Galicia Gallego
98%
Comunidad Valenciana / Comunitat Valenciana Valenciano
95%
Cataluña / Catalunya / Catalonha Aranés
60%
No se encontraron pruebas coincidentes
Distribución de puntuación
Porcentaje de gente con cada puntuación
Porcentaje por número respondido
Historial de tus puntuaciones
No has intentado esta prueba desde el último reinicio